<?xml version="1.0" encoding="UTF-8"?>
<record
    xmlns:xsi="http://www.w3.org/2001/XMLSchema-instance"
    xsi:schemaLocation="http://www.loc.gov/MARC21/slim http://www.loc.gov/standards/marcxml/schema/MARC21slim.xsd"
    xmlns="http://www.loc.gov/MARC21/slim">

  <leader>02029nam a2200337 a 4500</leader>
  <controlfield tag="008">110706t2022    ag  |||f |||| 001 0 spa d</controlfield>
  <datafield tag="020" ind1=" " ind2=" ">
    <subfield code="a">9789878406961</subfield>
  </datafield>
  <datafield tag="041" ind1=" " ind2=" ">
    <subfield code="a">spa</subfield>
  </datafield>
  <datafield tag="092" ind1=" " ind2=" ">
    <subfield code="c">362.29</subfield>
    <subfield code="l">13</subfield>
    <subfield code="s">COR</subfield>
  </datafield>
  <datafield tag="100" ind1="1" ind2=" ">
    <subfield code="a">Cornaglia, Carlos L. M.</subfield>
    <subfield code="9">4180</subfield>
  </datafield>
  <datafield tag="245" ind1=" " ind2=" ">
    <subfield code="a">Dependencia con drogas.</subfield>
    <subfield code="b">Causas y determinaciones /</subfield>
    <subfield code="c">Carlos L. M. Cornaglia</subfield>
  </datafield>
  <datafield tag="250" ind1=" " ind2=" ">
    <subfield code="a">1a ed.</subfield>
  </datafield>
  <datafield tag="260" ind1=" " ind2=" ">
    <subfield code="a">Buenos Aires:</subfield>
    <subfield code="b">Ricardo Vergara Ediciones;</subfield>
    <subfield code="c">2022.</subfield>
  </datafield>
  <datafield tag="300" ind1=" " ind2=" ">
    <subfield code="a">220 p.</subfield>
    <subfield code="b">23x16cm</subfield>
  </datafield>
  <datafield tag="500" ind1=" " ind2=" ">
    <subfield code="a">Cornaglia, C. L. M. (2022). Dependencias con drogas. Causas y determinaciones. (1a ed.). Buenos Aires : Ricardo Vergara Ediciones.</subfield>
  </datafield>
  <datafield tag="653" ind1="4" ind2=" ">
    <subfield code="a">Las relaciones causales, las sustancias y su consumo o uso en los enunciados de la OMS (CIE) y APA (DSM).</subfield>
  </datafield>
  <datafield tag="653" ind1="4" ind2=" ">
    <subfield code="a">Las causas de las adicciones en el discurso reduccionista individualista de otras organizaciones internacionales y nacionales.</subfield>
  </datafield>
  <datafield tag="653" ind1="4" ind2=" ">
    <subfield code="a">Los conceptos de causalidad y determinaci&#xF3;n en la ciencia f&#xE1;ctica.</subfield>
  </datafield>
  <datafield tag="653" ind1="3" ind2=" ">
    <subfield code="a">La precausalidad y el pensamiento preoperatorio en los enunciados de la OMS, APA y de otras organizaciones internacionales y nacionales.</subfield>
  </datafield>
  <datafield tag="653" ind1=" " ind2=" ">
    <subfield code="a">Explicaciones causales y de la g&#xE9;nesis en la patolog&#xED;a general, especial infectol&#xF3;gica y psicopatol&#xF3;gica.</subfield>
  </datafield>
  <datafield tag="653" ind1="3" ind2=" ">
    <subfield code="a">Lo observable y las explicaciones causales de la dependencia con y de drogas.</subfield>
  </datafield>
  <datafield tag="653" ind1="4" ind2=" ">
    <subfield code="a">Las cosas que causan los trastorno y adicciones.</subfield>
  </datafield>
  <datafield tag="653" ind1="4" ind2=" ">
    <subfield code="a">Los productores de mercanc&#xED;as designadas com&#xFA;nmente como "drogas legales".</subfield>
  </datafield>
  <datafield tag="653" ind1="4" ind2=" ">
    <subfield code="a">Los productores de mercanc&#xED;as tab&#xE1;quicas y los juicios en su contra.</subfield>
  </datafield>
  <datafield tag="653" ind1=" " ind2=" ">
    <subfield code="a">Soro, la Open Society y su discurso de 'Sociedad abierta'. Cannabis y coca.</subfield>
  </datafield>
  <datafield tag="653" ind1="5" ind2=" ">
    <subfield code="a">&#xBF;Qu&#xE9; producen los productores de "drogas"?</subfield>
  </datafield>
  <datafield tag="653" ind1=" " ind2=" ">
    <subfield code="a">Determinaci&#xF3;n de la dependencia con y de drogas.</subfield>
  </datafield>
  <datafield tag="653" ind1=" " ind2=" ">
    <subfield code="a">Explicaciones causales y no causales de la dependencia con y de drogas.</subfield>
  </datafield>
  <datafield tag="653" ind1="5" ind2=" ">
    <subfield code="a">&#xBF;Las explicaciones usuales de las alteraciones humanas relacionadas con "sustancias" y "drogas" alcanzan la causalidad?</subfield>
  </datafield>
  <datafield tag="942" ind1=" " ind2=" ">
    <subfield code="2">ddc</subfield>
    <subfield code="c">BK</subfield>
  </datafield>
  <datafield tag="999" ind1=" " ind2=" ">
    <subfield code="c">3146</subfield>
    <subfield code="d">3146</subfield>
  </datafield>
  <datafield tag="952" ind1=" " ind2=" ">
    <subfield code="0">0</subfield>
    <subfield code="1">0</subfield>
    <subfield code="2">ddc</subfield>
    <subfield code="4">0</subfield>
    <subfield code="7">0</subfield>
    <subfield code="a">BFM</subfield>
    <subfield code="b">BFM</subfield>
    <subfield code="c">CR</subfield>
    <subfield code="d">2022-12-01</subfield>
    <subfield code="e">Donaci&#xF3;n Dr Carlos Cornaglia, Diciembre 2022.</subfield>
    <subfield code="l">1</subfield>
    <subfield code="o">362.29 13 COR</subfield>
    <subfield code="p">4803</subfield>
    <subfield code="r">2022-12-02</subfield>
    <subfield code="s">2022-12-02</subfield>
    <subfield code="t">Ej. 1</subfield>
    <subfield code="w">2022-12-01</subfield>
    <subfield code="y">BK</subfield>
    <subfield code="z">Donaci&#xF3;n Dr Carlos Cornaglia, Diciembre 2022.</subfield>
    <subfield code="f"></subfield>
  </datafield>
</record>
